The dalit movement in India: (Record no. 18116)

MARC details
000 -LEADER
fixed length control field 02648cam a2200397 a 4500
005 - DATE AND TIME OF LATEST TRANSACTION
control field 20080616100023.0
008 - FIXED-LENGTH DATA ELEMENTS--GENERAL INFORMATION
fixed length control field 070814s2007 ii 001 0 eng
010 ## - LCCN (DPL NO)
LC control number ENG-91533
020 ## - INTERNATIONAL STANDARD BOOK NUMBER
International Standard Book Number 9780195697841
Terms of availability 675.00
020 ## - INTERNATIONAL STANDARD BOOK NUMBER
International Standard Book Number 0195697847
035 ## - SYSTEM CONTROL NUMBER
System control number EN-75066
035 ## - SYSTEM CONTROL NUMBER
System control number B-360862-867
037 ## - SOURCE OF ACQUISITION
Source of stock number/acquisition DBAD / PUB
037 ## - SOURCE OF ACQUISITION
Source of stock number/acquisition Uppal Book Store
040 ## - CATALOGING SOURCE
Original cataloging agency dpl
Language of cataloging English
082 ## - DEWEY DECIMAL CLASSIFICATION NUMBER
Classification number 305.5688
100 ## - MAIN ENTRY--PERSONAL NAME
Personal name Hardtmann, Eva-Maria
245 ## - TITLE STATEMENT
Title The dalit movement in India:
Statement of responsibility, etc by Eva-Maria Hardtmann
Remainder of title local practices, global connections /
260 ## - PUBLICATION, DISTRIBUTION, ETC. (IMPRINT)
Place of publication, distribution, etc New Delhi
Name of publisher, distributor, etc Oxford University Press,
Date of publication, distribution, etc 2009
270 ## - ADDRESS
Address YMCA Library Building , Jai Singh Road,
City New Delhi
Postal code 110001
300 ## - PHYSICAL DESCRIPTION
Extent xiv, 263 p.
Dimensions 23 cm (pbk)
500 ## - GENERAL NOTE
General note Includes bibliographical references and index
520 ## - SUMMARY, ETC.
Summary, etc Contributed articles chiefly with reference to India.
650 ## - SUBJECT ADDED ENTRY--TOPICAL TERM
Topical term or geographic name as entry element Dalits
Geographic subdivision India
General subdivision Political activity
Chronological subdivision 20th century
651 ## - SUBJECT ADDED ENTRY--GEOGRAPHIC NAME
Geographic name india
General subdivision Politics and government
Chronological subdivision 20th century
651 ## - SUBJECT ADDED ENTRY--GEOGRAPHIC NAME
Geographic name india
General subdivision Social conditions
942 ## - ADDED ENTRY ELEMENTS (KOHA)
Source of classification or shelving scheme Dewey Decimal Classification
Item type English Books
Call number suffix HAR
Classification part 305.5688
Holdings
Withdrawn status Lost status Source of classification or shelving scheme Damaged status Not for loan Collection code Home library Current library Date acquired Source of acquisition Cost, normal purchase price Total Checkouts Full call number Barcode Date last seen Copy number Cost, replacement price Koha item type Total Renewals
    Dewey Decimal Classification       Central Library Central Library 10/03/2010 Uppal Book Store/9013/26.10.09/128/16.10.09/26.10.09 675.00 1 305.5688 HAR B-360862 16/07/2019 1 675.00 English Books  
    Dewey Decimal Classification   Not For Loan Non-fiction D.B.Act.Division D.B.Act.Division 06/11/2008 DBAD / PUB 675.00   305.5688 HAR EN-75066 06/11/2008 1 675.00 English Books  
    Dewey Decimal Classification       Janak Puri Janak Puri 10/03/2010 Uppal Book Store/9013/26.10.09/128/16.10.09/26.10.09 675.00 4 305.5688 HAR B-360864 03/01/2019 1 675.00 English Books  
    Dewey Decimal Classification       Karol Bagh Karol Bagh 10/03/2010 Uppal Book Store/9013/26.10.09/128/16.10.09/26.10.09 675.00   305.5688 HAR B-360866 10/03/2010 1 675.00 English Books  
    Dewey Decimal Classification       Patel Nagar Patel Nagar 10/03/2010 Uppal Book Store/9013/26.10.09/128/16.10.09/26.10.09 675.00   305.5688 HAR B-360863 10/03/2010 1 675.00 English Books  
    Dewey Decimal Classification       Sarojini Nagar Sarojini Nagar 10/03/2010 Uppal Book Store/9013/26.10.09/128/16.10.09/26.10.09 675.00 1 305.5688 HAR B-360865 22/10/2020 1 675.00 English Books 2
    Dewey Decimal Classification       Shahdara Branch Shahdara Branch 10/03/2010 Uppal Book Store/9013/26.10.09/128/16.10.09/26.10.09 675.00   305.5688 HAR B-360867 10/03/2010 1 675.00 English Books  

© Delhi Public Library
Hit Counter
free hit counter